| 000 | 00591nam a22002177a 4500 | ||
|---|---|---|---|
| 005 | 20211214143938.0 | ||
| 008 | 211214b ||||| |||| 00| 0 eng d | ||
| 040 | _cAL | ||
| 041 | _aeng | ||
| 082 |
_223 _a361.2 _bSABM |
||
| 100 |
_aKhalid Sabir _911628 |
||
| 245 | _aMissing Muslims | ||
| 260 |
_aNew Delhi _bNews From India Publication _c2007 |
||
| 300 |
_avi,120 p. _bPB _c22x14 cm. |
||
| 365 |
_b100.00 _c₹ _d100.00 |
||
| 650 |
_aMuslims _911629 |
||
| 650 |
_aMission Minorities _911630 |
||
| 650 |
_aSachar Committee _911631 |
||
| 700 |
_aSABIR (Khalid) _911632 |
||
| 942 |
_2ddc _cGF |
||
| 999 |
_c220942 _d220942 |
||